000 00467nam a2200169Ia 4500
999 _c14096
_d14096
003 OSt
005 20201021094539.0
008 190216s9999||||xx |||||||||||||| ||und||
040 _coclc
082 _a894.812
_bKOV/M
100 _aKovilan
_95743
245 2 _aA Minus B /
_cKovilan
260 _bKerala Sahithya Academy ,
_c1980.
_aTrichur:
300 _a171p
650 _aEnglish Novel
942 _cBK
_2ddc
_h894.812
_iKOV/M
_k894.812
_mKOV/M